League of Legends - Wyspy Cienia - Statystyki

Ogólne statystyki
  • Ten quiz został rozwiązany 468 razy
  • Średni wynik to 5 z 8
Statystyki odpowiedzi
Odpowiedź % Poprawnych
Hecarim
85%
Thresh
85%
Kalista
79%
Yorick
66%
Karthus
60%
Mordekaiser
60%
Maokai
58%
Elise
47%
Nie znaleziono quizów pasujących do podanych kryteriów
Rozkład punktacji
Procent ludzi z każdym wynikiem
Percentyl według liczby udzielonych odpowiedzi
Twoja historia wyników
Nie rozwiązałeś tego quizu